Die von Köppen (Coppenius, auch Copus): (Titelsatznr. 370850)
[ MARC ]
| 000 -Satzkennung | |
|---|---|
| Kontrollfeld mit fester Länge | 01444nam a2200325 4500 |
| 001 - Kontrollnummer | |
| Kontrollfeld | 1765222796 |
| 003 - Kontrollnummer Identifier | |
| Kontrollfeld | DE-627 |
| 005 - Datum und Zeit der letzten Transaktion | |
| Kontrollfeld | 20210928092558.0 |
| 007 - Feld mit fester Länge zur physischen Beschreibung - Allgemeine Information | |
| Kontrollfeld mit fester Länge | tu |
| 008 - Feld mit fester Länge zur physischen Beschreibung - Allgemeine Angaben | |
| Kontrollfeld mit fester Länge | 210802s2021 gw ||||| 00| ||ger c |
| 035 ## - Systemkontrollnummer | |
| System-Kontrollnummer | (DE-627)1765222796 |
| 035 ## - Systemkontrollnummer | |
| System-Kontrollnummer | (DE-599)KXP1765222796 |
| 035 ## - Systemkontrollnummer | |
| System-Kontrollnummer | (OCoLC)1262568853 |
| 040 ## - Katalogisierungsquelle | |
| Original-Katalogisierungsstelle | DE-627 |
| Katalogisierungssprache | ger |
| Übertragungsstelle | DE-627 |
| Beschreibungsfestlegungen | rda |
| Bearbeitungsstelle | DE-2950 |
| 041 ## - Sprachcode | |
| Sprachcode des Textes/der Tonspur oder des separaten Titels | ger |
| 044 ## - Ländercode der veröffentlichenden/herstellenden Stelle | |
| ISO-Ländercode | XA-DE |
| 100 1# - Haupteintragung - Personenname | |
| Personenname | Rothen, Stefan |
| Funktionsbezeichnung | VerfasserIn |
| Code für Beziehungskennzeichnung | aut |
| 245 14 - Titel | |
| Titel | Die von Köppen (Coppenius, auch Copus): |
| Zusatz zum Titel | eine Spurensuche in Frankfurt/Oder, Treuenbrietzen, Tangermünde, Lüneburg, Küstrin, Berlin, Rangsdorf, Paderborn, Tempelhof, Gardelegen, Magdeburg, Klein Kienitz / |
| Verfasserangabe etc. | Stefan Rothen und Bianka Gärtner ; Herausgeber: Geschichtswerkstatt des Kulturvereins Rangsdorf e.V. |
| 246 1# - Titelvarianten | |
| Anzeigetext | Umschlagtitel |
| Hauptsachtitel/Kurztitel | Die von Köppen zwischen Treuenbrietzen, Rangsdorf und Lüneburg |
| 264 #1 - Produktion, Veröffentlichung, Distribution, Herstellung und Urheberrechtsvermerk | |
| Herstellungs-, Veröffentlichungs- Vertriebs-, Erzeugungsort | Rangsdorf: |
| Produzent, Herausgeber, Distributor, Hersteller | Geschichtswerkstatt des Kulturvereins Rangsdorf e.V., |
| Datum der Herstellung, der Veröffentlichung, des Vertriebs oder des Urheberschutzvermerks | 2021 |
| 300 ## - Physische Beschreibung | |
| Umfang | 111 Seiten: |
| Andere physische Details | Illustrationen, genealogische Tafeln, Karten, Pläne, Wappen |
| 336 ## - Inhaltstyp | |
| Inhaltstypterm | Text |
| Inhaltstypcode | txt |
| Quelle | rdacontent |
| 337 ## - Medientyp | |
| Bezeichnung des Medientyps | ohne Hilfsmittel zu benutzen |
| Medientypcode | n |
| Quelle | rdamedia |
| 338 ## - Datenträgertyp | |
| Datenträgertypbezeichnung | Band |
| Datenträgertypcode | nc |
| Quelle | rdacarrier |
| 653 ## - Indexierungsterm - Nicht normiert | |
| Nicht-normierter Term | Köppen (Familie : 19.-20. Jh.) |
| 951 ## - EQUIVALENCE OR CROSS-REFERENCE--GEOGRAPHIC NAME/AREA NAME [OBSOLETE] [CAN/MARC only] | |
| Geografischer Name | BO |
| 700 1# - Nebeneintragung - Personenname | |
| Personenname | Gärtner, Bianka |
| Funktionsbezeichnung | VerfasserIn |
| Code für Beziehungskennzeichnung | aut |
| 710 2# - Nebeneintragung - Körperschaftsname | |
| Körperschafts- oder Gebietskörperschaftsname als Eintragungselement | Kulturverein Rangsdorf |
| Funktionsbezeichnung | Herausgebendes Organ |
| IDN des Normdatensatzes oder Standardnummer | (DE-588)1029882576 |
| -- | (DE-627)734404972 |
| -- | (DE-576)377722049 |
| Code für Beziehungskennzeichnung | isb |
| 942 ## - Zusätzliche Felder (Koha) | |
| Klassifikation oder Aufstellungssystematik | Andere/Generische Klassifikation |
| Koha-Medientyp | Bücher |
| Ausgeschieden | Verloren | Klassifikation oder Aufstellungssystematik | Beschädigt | Nicht entleihbar | Heimatbibliothek | Aufenthaltsbibliothek | Aufstellungsort | Erwerbungsdatum | Anzahl Ausleihen | Signatur | Letzte Aktivität | Exemplarnummer | Preis gültig von | Koha-Medientyp |
|---|---|---|---|---|---|---|---|---|---|---|---|---|---|---|
| Andere/Generische Klassifikation | Stadtarchiv Frankfurt (Oder) | Archivbibliothek | Stadtarchiv Frankfurt (Oder) | Archivbibliothek | Magazin | 28/09/2021 | II: 5019 | 28/09/2021 | 75/2021 | 28/09/2021 | Bücher |